Hijos de la mente

Zapisane w:
Opis bibliograficzny
1. autor: Scott Card, Orson (Autor)
Format: Książka
Język:hiszpański
Wydane: Barcelona B 2000
Seria:Punto de Lectura, 80
Hasła przedmiotowe:
Etykiety: Dodaj etykietę
Nie ma etykietki, Dołącz pierwszą etykiete!

MARC

LEADER 00000nam a2200000 a 4500
001 UCN8139
003 CL-VaPUC
008 011109e20000000sp |||||||||||||||||spa|d
082 0 4 |a 813  |b SCO  |2 21 
100 0 |a Scott Card, Orson  |e author  |9 464348 
245 1 0 |a Hijos de la mente 
300 |a 438 p 
942 |c BK 
945 |d 20011109 00:00:00  |a vberengu 
260 |a Barcelona  |b B  |c 2000 
650 0 |a Ciencia ficción   |9 314542 
650 0 |a Literatura estadounidense  |9 317168 
650 0 |a Novelas estadounidenses  |9 265217 
583 |a last modification  |c 20171004 04:53:47  |k Rodrigo Vera 
490 0 |a Punto de Lectura, 80 
999 |c 298174  |d 298172 
952 |0 0  |1 0  |4 0  |6 813_000000000000000_SCO_2000  |7 0  |8 A  |9 353549  |a BIBING  |b BIBING  |d 2019-11-21  |i 3756327  |l 3  |o 813 SCO 2000  |p 3756327  |r 2025-01-20  |s 2024-07-01  |w 2019-11-21  |y BK  |k CUI